000 01085nam a22002177a 4500
999 _c62865
_d62865
003 Ge_BSU
005 20250311172218.0
008 250311s1992 ge ||||| |||| 00| 0 geo d
041 _ageo
080 _a611.81 კ-36
100 _aკაციტაძე, ზ.
_924473
245 _aადამიანის ანატომია :
_bზურგის ტვინი. თავის ტვინი. პერიფერიული ნერვები. გრძნობათა ორგანოები /
_cზ. კაციტაძე.
264 _aთბილისი,
_c1992.
300 _a216 გვ. ;
_b 20 სმ.
653 _aადამიანის ანატომია
653 _aზურგის ტვინის ანატომია
653 _aთავის ტვინის ანატომია
653 _aპერიფერიული ნერვების ანატომია
653 _aგრძნობათა ორგანოების ანატომია
942 _2udc
_cBK